000 00573nam a22001817a 4500
005 20251108164310.0
008 250721s1989 xx 000 0 ara d
082 1 4 _a796.403/بره
100 1 _aبرهم، عبد المنعم سليمان
245 1 0 _aموسوعة التمرينات البدنيه /
264 1 _aعمان :
_bالمؤلفون،
_c1989.
300 _a608ص.
650 1 7 _aالتمرينات الرياضية
700 1 _aشحاته، محمد إبراهيم
700 1 _aنويران، جابر سليمان
942 _2ddc
_cBK
999 _c8722
_d8722